[Event "POL-chT2"]
[Site "Poronin"]
[Date "2013.09.09"]
[Round "3.89"]
[White "Paluszkiewicz, Pawel"]
[Black "Janiszewski, Maciej"]
[Result "0-1"]
[WhiteElo "1826"]
[BlackElo "2005"]
[PlyCount "54"]
[EventDate "2013.09.06"]
[EventType "team-swiss"]
[EventRounds "9"]
[EventCountry "POL"]
[SourceTitle "EXT 2015"]
[Source "ChessBase"]
[SourceDate "2014.11.20"]
[SourceVersion "1"]
[SourceVersionDate "2014.11.20"]
[SourceQuality "1"]
[WhiteTeam "Chojnice UKS Osemka"]
[BlackTeam "Ruda Slaska KS DORS"]
[WhiteTeamCountry "POL"]
[BlackTeamCountry "POL"]

1. d4 Nf6 2. c4 c5 3. d5 b5 4. cxb5 a6 5. b6 g6 6. Nc3 Bg7 7. e4 d6 8. Bd3 Nbd7 9. Nf3 0-0 10. 0-0 Ng4 11. h3 Nge5 12. Nxe5 Nxe5 13. f4 Nxd3 14. Qxd3 Qxb6 15. Kh1 a5 16. Qc2 a4 17. Re1 a3 18. bxa3 Bd7 19. Rb1 Qa5 20. Bb2 Rfb8 21. e5 Bf5 22. Ne4 Qa4 23. Rbc1 Rxb2 24. Qxb2 Bxe4 25. Qb7 Qxa3 26. exd6 Qxh3+ 27. Kg1 Qxg2# 0-1

[Event "POL-chT4 Kujawsko Pomorskie 0910"]
[Site "Poland"]
[Date "2010.04.26"]
[Round "10.8"]
[White "Krol, Slawomir"]
[Black "Paluszkiewicz, Pawel"]
[Result "1-0"]
[WhiteElo "2011"]
[BlackElo "1779"]
[PlyCount "101"]
[EventDate "2009.11.08"]
[EventType "team-swiss"]
[EventRounds "11"]
[EventCountry "POL"]
[SourceTitle "EXT 2020"]
[Source "ChessBase"]
[SourceDate "2019.10.17"]
[SourceVersion "1"]
[SourceVersionDate "2019.10.17"]
[SourceQuality "1"]

1. Nf3 Nf6 2. c4 e6 3. g3 d5 4. Bg2 Be7 5. 0-0 0-0 6. b3 c5 7. Bb2 Nc6 8. cxd5 exd5 9. d4 Ne4 10. dxc5 Bxc5 11. Nc3 Be6 12. Rc1 Be7 13. Nd4 Nxd4 14. Nxe4 Nc6 15. Nc3 Bf6 16. Ba3 Be7 17. Bxe7 Nxe7 18. Qd2 Qa5 19. Rfd1 Qa6 20. Qd3 Qa5 21. Qb5 Qxb5 22. Nxb5 Rac8 23. Nc7 Rfd8 24. Rc3 d4 25. Nxe6 dxc3 26. Nxd8 c2 27. Rc1 Rxd8 28. Rxc2 Rd7 29. Bh3 f5 30. Kg2 g5 31. g4 h5 32. f3 fxg4 33. fxg4 h4 34. Kf2 Kf7 35. Bg2 Ng6 36. Rc5 Rd2 37. Rxg5 Rxa2 38. Bxb7 Rb2 39. Be4 Ne7 40. Rh5 Rxb3 41. Rxh4 a5 42. Rh5 a4 43. Bd5+ Nxd5 44. Rxd5 Ke6 45. Ra5 a3 46. h4 Kd6 47. e3 Kc6 48. h5 Kb6 49. Ra8 Rb2+ 50. Kf3 a2 51. h6 1-0

[Event "POL-chT3 Kujawsko Pomorskie 0910"]
[Site "Poland"]
[Date "2009.11.22"]
[Round "2.5"]
[White "Bieganowski, Roman"]
[Black "Paluszkiewicz, Pawel"]
[Result "0-1"]
[WhiteElo "1966"]
[BlackElo "1779"]
[PlyCount "131"]
[EventDate "2009.11.08"]
[EventType "team-tourn"]
[EventRounds "11"]
[EventCountry "POL"]
[SourceTitle "EXT 2020"]
[Source "ChessBase"]
[SourceDate "2019.10.17"]
[SourceVersion "1"]
[SourceVersionDate "2019.10.17"]
[SourceQuality "1"]

1. e4 c6 2. d4 d5 3. exd5 cxd5 4. c3 Nc6 5. Bd3 Nf6 6. Bf4 Bg4 7. Qb3 Qd7 8. Nd2 e6 9. Ngf3 Bxf3 10. Nxf3 Bd6 11. Bxd6 Qxd6 12. Qxb7 Rb8 13. Qa6 0-0 14. Rb1 Rb6 15. Qa4 e5 16. Bb5 exd4 17. cxd4 Qb4+ 18. Qxb4 Nxb4 19. a4 a6 20. Be2 Re8 21. Kf1 Nc2 22. Bd1 Rc8 23. g3 Ne4 24. Kg2 Na3 25. Ra1 Rxb2 26. Rxa3 Nxf2 27. Rf1 Nxd1+ 28. Kg1 Rc3 29. Re1 h6 30. Rxc3 Nxc3 31. Re8+ Kh7 32. Ra8 Rb6 33. a5 Rf6 34. Kg2 Nb5 35. Rd8 Rd6 36. Rf8 f6 37. Rc8 g5 38. Rb8 g4 39. Rb7+ Kg8 40. Rb8+ Kf7 41. Nh4 Nxd4 42. Rb4 Nc6 43. Rxg4 Ne5 44. Rd4 Ke6 45. g4 Nc4 46. Nf5 Rd7 47. Rd1 h5 48. Re1+ Ne5 49. Nd4+ Kd6 50. gxh5 Rg7+ 51. Kf1 Rg5 52. Rb1 Nc4 53. Rb8 Rxh5 54. Ra8 Nxa5 55. Rxa6+ Kc5 56. Nf3 Nc6 57. Ra8 d4 58. Rf8 Rf5 59. Ke2 Kd5 60. Nh4 Re5+ 61. Kd2 Rh5 62. Nf3 Rf5 63. Ke2 Rf4 64. h4 Ne5 65. Rd8+ Kc5 66. Rc8+ 0-1

[Event "POL-chT4 Kujawsko Pomorskie 0809"]
[Site "Poland"]
[Date "2009.03.15"]
[Round "9.14"]
[White "Paluszkiewicz, Pawel"]
[Black "Bokiej, Przemyslaw"]
[Result "0-1"]
[WhiteElo "1805"]
[BlackElo "2079"]
[PlyCount "78"]
[EventDate "2008.11.09"]
[EventType "team-tourn"]
[EventRounds "9"]
[EventCountry "POL"]
[SourceTitle "EXT 2019"]
[Source "ChessBase"]
[SourceDate "2018.10.10"]
[SourceVersion "1"]
[SourceVersionDate "2018.10.10"]
[SourceQuality "1"]

1. d4 e6 2. c4 b6 3. e4 Bb7 4. Bd3 Nc6 5. Nf3 Nb4 6. 0-0 Nxd3 7. Qxd3 g6 8. Nc3 Bg7 9. e5 Ne7 10. Ne4 d5 11. cxd5 Nxd5 12. Bg5 Qd7 13. Qd2 h6 14. Bh4 g5 15. Bg3 0-0-0 16. Nc3 Bf8 17. a3 Be7 18. Rfd1 g4 19. Ne1 Bg5 20. Qc2 h5 21. Ne4 h4 22. Nxg5 hxg3 23. hxg3 Rh5 24. Ne4 Rdh8 25. f4 Ne3 26. Qd3 Nxd1 27. Rxd1 Rh1+ 28. Kf2 Qc6 29. Ke3 Qxe4+ 30. Qxe4 Bxe4 31. Kxe4 R8h2 32. d5 exd5+ 33. Kxd5 Rf1 34. Kc6 Rh6+ 35. Kd5 Rhh1 36. Rd2 Rxe1 37. Rc2 Rc1 38. Rf2 Rhf1 39. Re2 Kd7 0-1

[Event "POL-chT4 Kujawsko Pomorskie 0708"]
[Site "Poland"]
[Date "2008.04.06"]
[Round "11.32"]
[White "Paluszkiewicz, Pawel"]
[Black "Grabowski, Marek"]
[Result "1-0"]
[WhiteElo "1832"]
[BlackElo "1868"]
[PlyCount "47"]
[EventDate "2007.11.04"]
[EventType "team-tourn"]
[EventRounds "11"]
[EventCountry "POL"]
[SourceTitle "EXT 2019"]
[Source "ChessBase"]
[SourceDate "2018.10.10"]
[SourceVersion "1"]
[SourceVersionDate "2018.10.10"]
[SourceQuality "1"]

1. d4 d5 2. c4 e6 3. Nc3 Nf6 4. Bg5 Be7 5. e3 0-0 6. Nf3 h6 7. Bh4 b6 8. Bd3 Bb7 9. 0-0 Nbd7 10. Rc1 Rc8 11. cxd5 exd5 12. Qe2 Ne4 13. Bxe7 Nxc3 14. Rxc3 Qxe7 15. Ba6 Bxa6 16. Qxa6 c5 17. Qxa7 Ra8 18. Qb7 Rxa2 19. Ne5 Rd8 20. Nc6 Qe8 21. Nxd8 Qxd8 22. Qxd5 Rxb2 23. dxc5 bxc5 24. Rd3 1-0

[Event "POL-chT4 Kujawsko Pomorskie 0708"]
[Site "Poland"]
[Date "2008.03.09"]
[Round "9.26"]
[White "Paluszkiewicz, Pawel"]
[Black "Zebracki, Jaroslaw"]
[Result "1/2-1/2"]
[WhiteElo "1832"]
[BlackElo "1923"]
[PlyCount "52"]
[EventDate "2007.11.04"]
[EventType "team-tourn"]
[EventRounds "11"]
[EventCountry "POL"]
[SourceTitle "EXT 2019"]
[Source "ChessBase"]
[SourceDate "2018.10.10"]
[SourceVersion "1"]
[SourceVersionDate "2018.10.10"]
[SourceQuality "1"]

1. d4 d5 2. c4 e6 3. Nc3 Nf6 4. Bg5 Be7 5. e3 0-0 6. Nf3 h6 7. Bh4 Ne4 8. Bxe7 Qxe7 9. Bd3 Nxc3 10. bxc3 dxc4 11. Bxc4 b6 12. Ne5 Nd7 13. Nxd7 Bxd7 14. 0-0 Rfd8 15. Qf3 c5 16. Rab1 Rac8 17. Ba6 Rc7 18. Rfd1 Bc8 19. Qe2 cxd4 20. cxd4 Qa3 21. Bd3 Bb7 22. Qb2 Qxb2 23. Rxb2 Rdc8 24. f3 Kf8 25. Kf2 Ke7 26. Ke2 Rc1 1/2-1/2

[Event "Kowalewo Pomorskie op-B"]
[Site "Kowalewo Pomorskie"]
[Date "2007.07.14"]
[Round "9.24"]
[White "Paluszkiewicz, Pawel"]
[Black "Bultrowicz, Leszek"]
[Result "0-1"]
[WhiteElo "1862"]
[BlackElo "1814"]
[PlyCount "44"]
[EventDate "2007.07.04"]
[EventType "swiss"]
[EventRounds "9"]
[EventCountry "POL"]
[SourceTitle "EXT 2023"]
[Source "ChessBase"]
[SourceDate "2022.10.05"]
[SourceVersion "1"]
[SourceVersionDate "2022.10.05"]
[SourceQuality "1"]

1. d4 Nf6 2. c4 g6 3. Nc3 Bg7 4. e4 d6 5. f4 0-0 6. Nf3 c5 7. d5 Nbd7 8. Bd3 e5 9. fxe5 Nxe5 10. Nxe5 dxe5 11. 0-0 a6 12. a4 Ng4 13. h3 Nh6 14. Be3 Qh4 15. Bxc5 Bxh3 16. Qf3 Bg4 17. Qf2 Qh5 18. b4 Bd7 19. a5 Ng4 20. Qg3 Bh6 21. Bxf8 Be3+ 22. Qxe3 Qh2# 0-1

[Event "Kowalewo Pomorskie op-B"]
[Site "Kowalewo Pomorskie"]
[Date "2007.07.14"]
[Round "7.18"]
[White "Paluszkiewicz, Pawel"]
[Black "Nowosielski, Piotr"]
[Result "0-1"]
[WhiteElo "1862"]
[BlackElo "1784"]
[PlyCount "66"]
[EventDate "2007.07.04"]
[EventType "swiss"]
[EventRounds "9"]
[EventCountry "POL"]
[SourceTitle "EXT 2023"]
[Source "ChessBase"]
[SourceDate "2022.10.05"]
[SourceVersion "1"]
[SourceVersionDate "2022.10.05"]
[SourceQuality "1"]

1. d4 c5 2. Nf3 g6 3. c4 Bg7 4. Nc3 Nf6 5. d5 d6 6. e4 Bg4 7. Be2 0-0 8. 0-0 Nbd7 9. Ne1 Bxe2 10. Qxe2 a6 11. a4 e6 12. f4 exd5 13. cxd5 Re8 14. Nf3 Qc7 15. Qc2 c4 16. Re1 Nc5 17. Re2 Nd3 18. h3 Nh5 19. f5 Ng3 20. Re3 Bh6 21. Rxd3 cxd3 22. Qxd3 Bxc1 23. Rxc1 Nxe4 24. fxg6 hxg6 25. Kh2 Nxc3 26. Rxc3 Qe7 27. Qd2 Kg7 28. Qd4+ Qf6 29. Qb6 Qf4+ 30. Kg1 Re2 31. Rc7 Rae8 32. Qd4+ Qxd4+ 33. Nxd4 Rxb2 0-1

[Event "Kowalewo Pomorskie op-B"]
[Site "Kowalewo Pomorskie"]
[Date "2007.07.05"]
[Round "3.1"]
[White "Paluszkiewicz, Pawel"]
[Black "Plichta, Kamil"]
[Result "1/2-1/2"]
[WhiteElo "1862"]
[BlackElo "1963"]
[PlyCount "72"]
[EventDate "2007.07.04"]
[EventType "swiss"]
[EventRounds "9"]
[EventCountry "POL"]
[SourceTitle "EXT 2023"]
[Source "ChessBase"]
[SourceDate "2022.10.05"]
[SourceVersion "1"]
[SourceVersionDate "2022.10.05"]
[SourceQuality "1"]

1. d4 Nf6 2. c4 g6 3. Nc3 Bg7 4. e4 d6 5. f4 0-0 6. Nf3 c5 7. d5 e6 8. Bd3 exd5 9. cxd5 b5 10. Bxb5 Nxe4 11. Nxe4 Qa5+ 12. Kf2 Qxb5 13. Nxd6 Qb6 14. Nc4 Qa6 15. Nce5 Nd7 16. Re1 Nf6 17. Nc6 Qb6 18. Nfe5 Bb7 19. Rb1 Rfe8 20. Be3 Bxc6 21. Nxc6 Rac8 22. Kg1 Nxd5 23. Qxd5 Qxc6 24. Qxc6 Rxc6 25. b3 Bc3 26. Bd2 Bd4+ 27. Kf1 Rxe1+ 28. Rxe1 Ra6 29. Be3 Bxe3 30. Rxe3 Rxa2 31. Rc3 Rb2 32. Rxc5 Rxb3 33. Ra5 Rb7 34. Ke2 Kf8 35. Kf3 Ke7 36. Ra6 Kf8 1/2-1/2

[Event "POL-chT Region 0607"]
[Site "Poland"]
[Date "2007.04.01"]
[Round "11"]
[White "Kwiatkowski, Jaroslaw"]
[Black "Paluszkiewicz, Pawel"]
[Result "0-1"]
[WhiteElo "1600"]
[BlackElo "1849"]
[PlyCount "62"]
[EventDate "2006.11.12"]
[EventType "team"]
[EventRounds "11"]
[EventCountry "POL"]
[SourceTitle "EXT 2008"]
[Source "ChessBase"]
[SourceDate "2007.11.25"]
[SourceVersion "1"]
[SourceVersionDate "2007.11.25"]
[SourceQuality "1"]

1. d4 Nf6 2. c4 e5 3. e3 exd4 4. exd4 d5 5. Nf3 Nc6 6. c5 Bg4 7. Be3 Be7 8. h3 Bxf3 9. Qxf3 0-0 10. Bb5 Nb4 11. Na3 c6 12. Be2 b6 13. cxb6 axb6 14. 0-0 c5 15. Rfc1 Ne4 16. Rd1 f5 17. Bd3 Nxd3 18. Rxd3 c4 19. Rdd1 Bxa3 20. bxa3 Rxa3 21. Qf4 b5 22. Rdb1 Nc3 23. Rb2 b4 24. Qg5 b3 25. Qxd8 Rxd8 26. Kf1 Rda8 27. Bd2 Nxa2 28. Rbb1 c3 29. Bxc3 Nxc3 30. Rxa3 Rxa3 31. Rb2 Ra1+ 0-1

[Event "POL-chT Region 0607"]
[Site "Poland"]
[Date "2007.01.28"]
[Round "6"]
[White "Wodzynski, Michal"]
[Black "Paluszkiewicz, Pawel"]
[Result "1-0"]
[WhiteElo "1960"]
[BlackElo "1849"]
[PlyCount "56"]
[EventDate "2006.11.12"]
[EventType "team"]
[EventRounds "11"]
[EventCountry "POL"]
[SourceTitle "EXT 2008"]
[Source "ChessBase"]
[SourceDate "2007.11.25"]
[SourceVersion "1"]
[SourceVersionDate "2007.11.25"]
[SourceQuality "1"]

1. e4 c6 2. d4 d5 3. e5 Bf5 4. Nc3 e6 5. g4 Bg6 6. Nge2 c5 7. Be3 Nc6 8. dxc5 Nxe5 9. Nd4 a6 10. f4 Nc6 11. f5 Bxc5 12. Nxc6 Qh4+ 13. Ke2 Bxe3 14. Kxe3 bxc6 15. fxg6 Qg5+ 16. Kf2 hxg6 17. Qd4 Nf6 18. Be2 e5 19. Qc5 Kd7 20. h3 d4 21. Rad1 Kc7 22. Bf3 Qe3+ 23. Kg2 e4 24. Qe7+ Kb8 25. Nxe4 Nd5 26. Qe5+ Kb7 27. Nd6+ Kb8 28. Nxf7+ Nc7 1-0

[Event "Chojnice op-B 2nd"]
[Site "Chojnice"]
[Date "2006.??.??"]
[Round "4"]
[White "Paluszkiewicz, Pawel"]
[Black "Wodzynski, Michal"]
[Result "0-1"]
[WhiteElo "1855"]
[BlackElo "1952"]
[PlyCount "112"]
[EventDate "2006.07.??"]
[EventType "swiss"]
[EventRounds "9"]
[EventCountry "POL"]
[SourceTitle "EXT 2007"]
[Source "ChessBase"]
[SourceDate "2006.11.23"]
[SourceVersion "1"]
[SourceVersionDate "2006.11.23"]
[SourceQuality "1"]

1. d4 Nf6 2. c4 c5 3. Nf3 g6 4. Nc3 cxd4 5. Nxd4 d5 6. Nf3 e6 7. cxd5 exd5 8. g3 Bg7 9. Bg2 0-0 10. 0-0 Nc6 11. Bg5 Be6 12. h3 Qd7 13. Kh2 Rfd8 14. e3 Rac8 15. Nd4 Nxd4 16. exd4 h6 17. Be3 Kh7 18. Rc1 b5 19. Qb3 Rb8 20. Rc2 a6 21. Bf4 Rb7 22. Be5 Ne4 23. Bxg7 Kxg7 24. a3 Rc8 25. Rfc1 Nxc3 26. Rxc3 Rc4 27. Qd1 Rbc7 28. Qd2 Qc8 29. Bf1 Rxc3 30. Rxc3 Rxc3 31. Qxc3 Qxc3 32. bxc3 f5 33. f4 h5 34. Be2 Kh6 35. Kg2 g5 36. fxg5+ Kxg5 37. h4+ Kg6 38. Kf3 Bf7 39. Kf4 Kf6 40. Bd3 Be6 41. Bc2 Bd7 42. Bd1 Be8 43. Be2 Bg6 44. Bd3 Bh7 45. Bc2 Bg6 46. Bd1 Be8 47. Be2 Bg6 48. Bf3 Bf7 49. Ke3 Ke6 50. Be2 Bg6 51. Kd2 Kd6 52. Bd3 Bh7 53. Be2 Bg6 54. Bf3 Bf7 55. Ke2 Ke6 56. Ke3 Be8 0-1

[Event "Chojnice op-B 2nd"]
[Site "Chojnice"]
[Date "2006.??.??"]
[Round "7"]
[White "Wodzynski, Mieszko"]
[Black "Paluszkiewicz, Pawel"]
[Result "1/2-1/2"]
[WhiteElo "1800"]
[BlackElo "1855"]
[PlyCount "70"]
[EventDate "2006.07.??"]
[EventType "swiss"]
[EventRounds "9"]
[EventCountry "POL"]
[SourceTitle "EXT 2007"]
[Source "ChessBase"]
[SourceDate "2006.11.23"]
[SourceVersion "1"]
[SourceVersionDate "2006.11.23"]
[SourceQuality "1"]

1. e4 c6 2. d4 d5 3. e5 Bf5 4. g4 Bd7 5. h3 e6 6. Be2 c5 7. c3 Nc6 8. a3 Qa5 9. Nf3 cxd4 10. b4 Qc7 11. cxd4 Rc8 12. 0-0 h5 13. g5 Nge7 14. Nh4 g6 15. f4 a6 16. Be3 Na7 17. Nd2 Nb5 18. Rc1 Nc3 19. Qe1 Nxe2+ 20. Qxe2 Qxc1 21. Rxc1 Rxc1+ 22. Kg2 Bb5 23. Qf2 Ba4 24. Nb3 Rc8 25. Nc5 Bc6 26. Qb2 Nf5 27. Nxf5 exf5 28. Kf2 Bxc5 29. dxc5 0-0 30. e6 Rce8 31. exf7+ Rxf7 32. Bd4 Rfe7 33. Be5 Bb5 34. Qd2 Rd7 35. Qd4 Kh7 1/2-1/2

[Event "Chojnice op"]
[Site "Chojnice"]
[Date "2005.??.??"]
[Round "3"]
[White "Paluszkiewicz, Pawel"]
[Black "Budnik, Kazimierz"]
[Result "1-0"]
[WhiteElo "1800"]
[BlackElo "1800"]
[PlyCount "71"]
[EventDate "2005.05.27"]
[EventType "swiss"]
[EventRounds "9"]
[EventCountry "POL"]
[SourceTitle "EXT 2007"]
[Source "ChessBase"]
[SourceDate "2006.11.23"]
[SourceVersion "1"]
[SourceVersionDate "2006.11.23"]
[SourceQuality "1"]

1. d4 d5 2. c4 dxc4 3. e4 e6 4. Bxc4 c6 5. Nf3 b5 6. Bb3 Nf6 7. e5 Nd5 8. 0-0 Be7 9. a4 a5 10. Nc3 b4 11. Ne4 h6 12. Nfd2 0-0 13. f4 Ne3 14. Qh5 Nxf1 15. Kxf1 Ba6+ 16. Ke1 Qxd4 17. Qf3 Qg1+ 18. Nf1 Bxf1 19. Be3 Qxh2 20. Kxf1 Bd8 21. Ke2 Qh4 22. Bc5 Be7 23. Bf2 Qh2 24. Bg3 Qxg3 25. Qxg3 Nd7 26. Rh1 Kh8 27. Qh3 c5 28. g4 f6 29. Bxe6 Nb6 30. Nd6 Bxd6 31. exd6 Ra7 32. b3 Re8 33. g5 Nd5 34. Kf3 Nb6 35. gxf6 Rxe6 36. Qxe6 1-0

[Event "Chojnice op"]
[Site "Chojnice"]
[Date "2005.??.??"]
[Round "8"]
[White "Rudzinski, Wladyslaw"]
[Black "Paluszkiewicz, Pawel"]
[Result "0-1"]
[WhiteElo "1800"]
[BlackElo "1800"]
[PlyCount "50"]
[EventDate "2005.05.27"]
[EventType "swiss"]
[EventRounds "9"]
[EventCountry "POL"]
[SourceTitle "EXT 2007"]
[Source "ChessBase"]
[SourceDate "2006.11.23"]
[SourceVersion "1"]
[SourceVersionDate "2006.11.23"]
[SourceQuality "1"]

1. d4 Nf6 2. Nf3 e6 3. g3 c5 4. Bg2 Nc6 5. e3 Be7 6. 0-0 0-0 7. c4 cxd4 8. exd4 d5 9. cxd5 exd5 10. Nc3 Be6 11. Bg5 Qd7 12. Re1 h6 13. Bf4 Rfe8 14. Nb5 Rac8 15. Nc3 Bb4 16. a3 Bxc3 17. bxc3 Ne4 18. c4 Na5 19. Ne5 Qd8 20. Bxe4 dxe4 21. d5 Bf5 22. Qh5 Qf6 23. g4 Bh7 24. Bg3 Nxc4 25. Rac1 g6 0-1

[Event "Torun op"]
[Site "Torun"]
[Date "2002.??.??"]
[Round "7"]
[White "Paluszkiewicz, Pawel"]
[Black "Czyrson, Krystian"]
[Result "0-1"]
[WhiteElo "1600"]
[BlackElo "2043"]
[PlyCount "74"]
[EventDate "2002.??.??"]
[EventType "swiss"]
[EventRounds "9"]
[EventCountry "POL"]
[SourceTitle "EXT 2007"]
[Source "ChessBase"]
[SourceDate "2006.11.23"]
[SourceVersion "1"]
[SourceVersionDate "2006.11.23"]
[SourceQuality "1"]

1. d4 Nf6 2. c4 e6 3. Nc3 Bb4 4. a3 Bxc3+ 5. bxc3 Ne4 6. Qc2 f5 7. e3 0-0 8. Bd3 Nf6 9. Nf3 c5 10. 0-0 Nc6 11. Bd2 b6 12. Rfb1 Na5 13. Be2 Ba6 14. Qa4 Rc8 15. Rc1 Ne4 16. Be1 Nd6 17. Nd2 Qc7 18. Rab1 Rf6 19. f4 Rg6 20. Kf2 Qd8 21. g3 h5 22. Kg2 h4 23. Rb2 hxg3 24. Bxg3 cxd4 25. cxd4 b5 26. Qd1 Ndxc4 27. Nxc4 Nxc4 28. Bxc4 bxc4 29. Qa4 Rc6 30. Rcb1 Qc7 31. Rb8+ Bc8 32. R1b7 Qxb7 33. Rxb7 Bxb7 34. Kf1 c3 35. Qc2 Ba6+ 36. Ke1 Bd3 37. Qc1 c2 0-1

[Event "Torun op"]
[Site "Torun"]
[Date "2002.??.??"]
[Round "9"]
[White "Paluszkiewicz, Pawel"]
[Black "Kubicki, Marek"]
[Result "0-1"]
[WhiteElo "1600"]
[BlackElo "2124"]
[PlyCount "72"]
[EventDate "2002.??.??"]
[EventType "swiss"]
[EventRounds "9"]
[EventCountry "POL"]
[SourceTitle "EXT 2007"]
[Source "ChessBase"]
[SourceDate "2006.11.23"]
[SourceVersion "1"]
[SourceVersionDate "2006.11.23"]
[SourceQuality "1"]

1. d4 d5 2. c4 Nf6 3. Nc3 c6 4. Nf3 dxc4 5. e4 b5 6. e5 Nd5 7. a4 Nxc3 8. bxc3 Bg4 9. Ba3 Qd5 10. Be2 Nd7 11. 0-0 Nb6 12. a5 Nd7 13. Nd2 Bxe2 14. Qxe2 0-0-0 15. Rfb1 a6 16. Ne4 f5 17. Nc5 Nxc5 18. Bxc5 e6 19. Bxf8 Rdxf8 20. Ra2 h5 21. f4 h4 22. Rf1 Rfg8 23. Qf3 Qxf3 24. Rxf3 g5 25. fxg5 Rxg5 26. h3 Kd7 27. Rd2 Ke7 28. Kf1 Kf7 29. Kf2 Kg6 30. Re2 Kh5 31. Kg1 Rf8 32. Kf1 Rg3 33. Ref2 Rxf3 34. Rxf3 f4 35. Ke2 Kg5 36. Rf1 Rf5 0-1